Les noms de Mammifères par lettres -H - Statistiques

Statistiques générales
  • Ce quiz a été pris 83 fois
  • Le résultat moyen est 6 sur 13
Statistiques - réponses
Par images Réponse % Correct
Hérisson
100%
Hippopotame
99%
Hyène
93%
Hermine
79%
Hamster
74%
Humain
62%
Hippotrague
18%
Hylochère
11%
Huemul
8%
Hydropote
7%
Hutia
4%
Hapalémur
3%
Hocheur
1%
Aucun quiz correspondant
Distribution des résultats
% des personnes avec chaque résultat
Percentile par nombre de réponses
Votre historique - résultats
Vous n’avez pas pris ce quiz